Normal view
MARC view
Entry Personal Name
001 - CONTROL NUMBER
- control field: 1008
003 - CONTROL NUMBER IDENTIFIER
- control field: PK-NaQUE
005 - DATE AND TIME OF LATEST TRANSACTION
- control field: 20260629104636.0
008 - FIXED-LENGTH DATA ELEMENTS
- fixed length control field: 260629|| aca||aabn | a|a d
040 ## - CATALOGING SOURCE
- Original cataloging agency: PK-NaQUE
- Transcribing agency: PK-NaQUE
100 ## - HEADING--PERSONAL NAME
- Personal name: Engr. Asadullah Qazi
- Personal name: 21-MCE-05
- Personal name: Supervisor - Dr. Muneeb Ayoub Memon
670 ## - SOURCE DATA FOUND
- Source citation: Work cat.: (PK-NaQUE)69068: Engr. Asadullah Qazi 21-MCE-05 Supervisor - Dr. Muneeb Ayoub Memon, Recycled Crumb Rubber as Coarse Aggregate Replacement in Self Compacting Concrete ( Thesis ME), 2025